Squelettes d'animaux - Statistiques

Statistiques générales
  • Ce quiz a été pris 43 fois
  • Le résultat moyen est 7 sur 16
Statistiques - réponses
Par images Réponse % Correct
Autruche
94%
Girafe
89%
Éléphant
81%
Hippopotame
61%
Chauve-souris
58%
Castor
56%
Taureau
53%
Dromadaire
50%
Manchot
44%
Dauphin
39%
Raie manta
36%
Casoar
31%
Guépard
14%
Lion de mer
8%
Serpent à sonnettes
8%
Singe écureuil
8%
Aucun quiz correspondant
Distribution des résultats
% des personnes avec chaque résultat
Percentile par nombre de réponses
Votre historique - résultats
Vous n’avez pas pris ce quiz